Games for business and economics / (Record no. 6055)

MARC details
000 -LEADER
fixed length control field 01075nac a22002531u 4500
010 ## - LIBRARY OF CONGRESS CONTROL NUMBER
LC control number 94022110
020 ## - INTERNATIONAL STANDARD BOOK NUMBER
International Standard Book Number 0471311502 (paper)
082 00 - DEWEY DECIMAL CLASSIFICATION NUMBER
Classification number 658.40353
Item number GAR
090 ## - LOCALLY ASSIGNED LC-TYPE CALL NUMBER (OCLC); LOCAL CALL NUMBER (OCLC)
-- 6055
-- 6055
100 ## - MAIN ENTRY--PERSONAL NAME
Personal name Gardner, Roy,
245 10 - TITLE STATEMENT
Title Games for business and economics /
Statement of responsibility, etc Roy Gardner.
260 ## - PUBLICATION, DISTRIBUTION, ETC. (IMPRINT)
Place of publication, distribution, etc New York :
Name of publisher, distributor, etc Wiley,c1995.
Date of publication, distribution, etc c1995.
300 ## - PHYSICAL DESCRIPTION
Extent xvi, 480 p. :
Other physical details ill. ;
Dimensions 24 cm.
500 ## - GENERAL NOTE
General note Distributer: Al-Ahram.
504 ## - BIBLIOGRAPHY, ETC. NOTE
Bibliography, etc Includes bibliographical references and index.
511 ## - PARTICIPANT OR PERFORMER NOTE
Participant or performer note Catalogued By: Mahitab.
650 #0 - SUBJECT ADDED ENTRY--TOPICAL TERM
Topical term or geographic name as entry element Managerial economics.
650 #0 - SUBJECT ADDED ENTRY--TOPICAL TERM
Topical term or geographic name as entry element Game theory.
650 #0 - SUBJECT ADDED ENTRY--TOPICAL TERM
Topical term or geographic name as entry element Economics, Mathematical.
856 4# - ELECTRONIC LOCATION AND ACCESS
Materials specified Table of Contents only
Uniform Resource Identifier <a href="http://www.loc.gov/catdir/toc/onix01/94022110.html">http://www.loc.gov/catdir/toc/onix01/94022110.html</a>
856 4# - ELECTRONIC LOCATION AND ACCESS
Materials specified Contributor biographical information
Uniform Resource Identifier <a href="http://www.loc.gov/catdir/enhancements/fy0607/94022110-b.html">http://www.loc.gov/catdir/enhancements/fy0607/94022110-b.html</a>
856 4# - ELECTRONIC LOCATION AND ACCESS
Materials specified Publisher description
Uniform Resource Identifier <a href="http://www.loc.gov/catdir/enhancements/fy0607/94022110-d.html">http://www.loc.gov/catdir/enhancements/fy0607/94022110-d.html</a>
942 ## - ADDED ENTRY ELEMENTS (KOHA)
Item type Book - Borrowing
Call number prefix 658.40353GAR
Holdings
Withdrawn status Item status Damaged status Not for loan Home library Current library Shelving location Date acquired Source of acquisition Total Checkouts Full call number Barcode Date last seen Date last borrowed Koha item type
        Central Library Central Library First floor 07/11/2012 Purchase 1 658.40353GAR 000007684 15/07/2025 29/10/2008 Book - Borrowing